000 00785cam a2200217 i 4500
005 20260202115900.0
008 250721s2023 jo gr 000 0 ara d
020 _a9789957653422
082 1 4 _a371.912
_bش ق ر
100 1 _aأبوشقرة، نور
_eمؤلف.
245 1 0 _aذوو الإعاقة السمعية :
_bتعليم تأهيل دمج /
_cنور أبو شقرة.
250 _aالطبعة الأولى.
264 3 1 _aعمان :
_bدار المعتز للنشر و التوزيع،
_c2023.
300 _a211 صفحة.
650 1 7 _aالاعاقة السمعية.
650 1 7 _aالاطفال الصم.
650 1 7 _aالتربية الخاصة.
650 1 7 _aالوسائل التعليمية.
942 _2ddc
_cBK
999 _c146180
_d146180